| 000 | 05281cam a22019214i 4500 | ||
|---|---|---|---|
| 001 | u51870 | ||
| 003 | PE-LiUPU | ||
| 005 | 20250813165357.0 | ||
| 008 | 150706s2012 ck a rb 000 0 spa d | ||
| 020 | _a9586487490 | ||
| 020 | _a9789586487498 | ||
| 035 | _a(Sirsi) i9789586487498 | ||
| 040 |
_aPE-LiUPU _bspa _cPE-LiUPU _dPE-LiUPU _erda |
||
| 049 | _aPRUA | ||
| 082 | 0 | 4 |
_a657.45 _bB57 _221 |
| 100 | 1 |
_aBlanco Luna, Yanel, _eautor. |
|
| 245 | 1 | 0 |
_aAuditoría integral : _bnormas y procedimientos / _cYanell Blanco Luna. |
| 250 | _aSegunda Edición | ||
| 264 | 1 |
_aBogotá : _bEcoe Ediciones, _c2012. |
|
| 300 |
_axvi, 501 páginas : _bilustraciones ; _c24 centímetros. |
||
| 336 |
_atext _2rdacontent |
||
| 337 |
_aunmediated _2rdamedia |
||
| 338 |
_avolume _2rdacarrier |
||
| 490 | 0 | _aCiencias administrativas. Auditoría | |
| 504 | _aIncluye bibliografía. | ||
| 505 | 0 | _aMarco conceptual de la auditoría integral como servicio de aseguramiento -- Aspectos metodológicos de la auditoría integral -- Planeación -- Auditoría del control interno -- Auditoría financiera -- Auditoría de cumplimiento de leyes y regulaciones -- Auditoría de gestión -- La revisoría fiscal como modelo de auditoría. | |
| 526 | _aP203 | ||
| 526 | _aP200 | ||
| 526 | _aSEG65 | ||
| 526 | _aSEG64 | ||
| 526 | _aSEG63 | ||
| 526 | _aSEG62 | ||
| 526 | _aSEG61 | ||
| 526 | _aSEG60 | ||
| 526 | _aSEG59 | ||
| 526 | _aSEG58 | ||
| 526 | _aSEG57 | ||
| 526 | _aSEG56 | ||
| 526 | _aSEG55 | ||
| 526 | _aSEG54 | ||
| 526 | _aSEG53 | ||
| 526 | _aSEG52 | ||
| 526 | _aSEG51 | ||
| 526 | _aSEG50 | ||
| 526 | _aSEG49 | ||
| 526 | _aSEG48 | ||
| 526 | _aSEG47 | ||
| 526 | _aSEG46 | ||
| 526 | _aSEG24 | ||
| 526 | _aSEG23 | ||
| 526 | _aSEG22 | ||
| 526 | _aSEG21 | ||
| 526 | _aSEG20 | ||
| 526 | _aSEG19 | ||
| 526 | _aSEG18 | ||
| 526 | _aSEG17 | ||
| 526 | _aSEG16 | ||
| 526 | _aSEG14 | ||
| 526 | _aSEG13 | ||
| 526 | _aSEG12 | ||
| 526 | _aSEG11 | ||
| 526 | _aSEG10 | ||
| 526 | _aSEG09 | ||
| 526 | _aSEG06 | ||
| 526 | _aSEG05 | ||
| 526 | _aSEG04 | ||
| 526 | _aSEG03 | ||
| 526 | _aSEG02 | ||
| 526 | _aSEG68 | ||
| 526 | _aSEG66 | ||
| 526 | _aSEG45 | ||
| 526 | _aSEG25 | ||
| 526 | _aSEG01 | ||
| 526 | _aP163 | ||
| 526 | _aP162 | ||
| 526 | _aP161 | ||
| 526 | _aP160 | ||
| 526 | _aP159 | ||
| 526 | _aP158 | ||
| 526 | _aP157 | ||
| 526 | _aP156 | ||
| 526 | _aP155 | ||
| 526 | _aP154 | ||
| 526 | _aP153 | ||
| 526 | _aP152 | ||
| 526 | _aP151 | ||
| 526 | _aP150 | ||
| 526 | _aP149 | ||
| 526 | _aP142 | ||
| 526 | _aP141 | ||
| 526 | _aP140 | ||
| 526 | _aP139 | ||
| 526 | _aP138 | ||
| 526 | _aP137 | ||
| 526 | _aP132 | ||
| 526 | _aP131 | ||
| 526 | _aP130 | ||
| 526 | _aP126 | ||
| 526 | _aP125 | ||
| 526 | _aP124 | ||
| 526 | _aP123 | ||
| 526 | _aP115 | ||
| 526 | _aP122 | ||
| 526 | _aP121 | ||
| 526 | _aP116 | ||
| 526 | _a P114 | ||
| 526 | _aP112 | ||
| 526 | _aP111 | ||
| 526 | _aP104 | ||
| 526 | _aP103 | ||
| 526 | _aP102 | ||
| 526 | _aP101 | ||
| 526 | _aP100 | ||
| 526 | _aP96 | ||
| 526 | _aP95 | ||
| 526 | _aP93 | ||
| 526 | _aP92 | ||
| 526 | _aP91 | ||
| 526 | _aP88 | ||
| 526 | _aP83 | ||
| 526 | _aP82 | ||
| 526 | _aP79 | ||
| 526 | _aP78 | ||
| 526 | _aP75 | ||
| 526 | _aP74 | ||
| 526 | _aP71 | ||
| 526 | _aP69 | ||
| 526 | _a P51 | ||
| 526 | _aP49 | ||
| 526 | _aP48 | ||
| 526 | _aP47 | ||
| 526 | _aP33 | ||
| 526 | _aP31 | ||
| 526 | _a P30 | ||
| 526 | _aP29 | ||
| 526 | _aP27 | ||
| 526 | _aP26 | ||
| 526 | _aP25 | ||
| 526 | _aP24 | ||
| 526 | _a P22 | ||
| 526 | _aP10 | ||
| 526 | _aP09 | ||
| 526 | _a P08 | ||
| 526 | _aP06 | ||
| 526 | _aP05 | ||
| 526 | _aP04 | ||
| 526 | _aP01 | ||
| 541 | _g048-0005595; | ||
| 596 | _a1 3 | ||
| 650 | 1 | 4 |
_aAuditoría. _91097 |
| 650 | 2 | 4 |
_aEstados financieros. _91111 |
| 910 |
_agl _cfsr _d20121220 |
||
| 942 |
_2ddc _cBOOK |
||
| 949 |
_a657.45 B57 _wDEWEY _c1 _iFT03146 _lCCODEBUT1 _mBUT _p29.01 _r0 _sY _tBOOK _u2017-9-13 _xFCE _PP08 _0COMPRA _o.STAFF. Coleción General |
||
| 949 |
_a657.45 B57 2012 _wDEWEY _c1 _iFJ06949 _lCCODEBUJ1 _mBUJ _p28.65 _r0 _sY _tBOOK _u2017-10-24 _xFCE _PP08 _0COMPRA _o.STAFF -- Colección General Juliaca |
||
| 994 |
_aC0 _bPEPRU |
||
| 999 |
_a657.45 B57 2012 _wDEWEY _c11810 _iFJ04113 _d11810 _e2017-4-17 _f2022-1-31 _g4 _lCCODEBUJ1 _mBUJ _n2 _p23.85 _q7 _r0 _sY _tBOOK _u2016-11-15 _xFCE _PP04 _0COMPRA _o.STAFF. Colección General Juliaca |
||
| 999 |
_a657.45 B57 2012 _wDEWEY _c2 _iFJ06949 _d2019-11-25 _e2018-11-8 _f2022-1-31 _g6 _lCCODEBUJ1 _mBUJ _n3 _p28.65 _q8 _r0 _sY _tBOOK _u2016-8-10 _xFCE _PP08 _0COMPRA _o.STAFF. Colección General Juliaca |
||
| 999 |
_a657.45 B57 2012 _wDEWEY _c3 _iFJ10361 _d2018-10-17 _e2018-10-14 _f2022-1-31 _g3 _lCCODEBUJ1 _mBUJ _n2 _p28.92 _q2 _r0 _sY _tBOOK _u2018-2-20 _xFCE _PP08 _0COMPRA _o.STAFF. Colección General Juliaca |
||
| 999 |
_a657.45 B57 _wDEWEY _c1 _i70813 _d2019-5-19 _e2019-5-15 _f2021-11-5 _g4 _lCCODEBUL1 _mBUL _n4 _p25.00 _r0 _sY _tBOOK _u2016-8-10 _xFCE _zP08 _0COMPRA _o.STAFF. Colección Ciencias Empresariales |
||
| 980 |
_81 _gALBERTO SANCHEZ Responsable de Automatización |
||